| 000 | 00687nam a22002177a 4500 | ||
|---|---|---|---|
| 001 | 76998 | ||
| 003 | BD-RjUL | ||
| 005 | 20211209082920.0 | ||
| 008 | 200212s1969 bd ||||| |||| 00| 0 eng d | ||
| 035 | _a(BD-RjUL) | ||
| 040 |
_aBD-RjUL _beng _cBD-RjUL |
||
| 041 | _aeng | ||
| 082 |
_221 _a338.64205492 _bBHM 1969 |
||
| 100 | 0 | 0 |
_aBhattacharjee, D. _9239284 |
| 245 | 1 | 0 |
_amarketing of small Industries Production in East Pakistan : _b- a Case study of handloom products |
| 260 |
_aDhaka : _bBureau of economic research university of dhaka , _cc1969 |
||
| 300 |
_aiii, 156 p. ; _c23 cm |
||
| 500 | _aIncludes Index | ||
| 650 |
_aHandloom industry _v Bangladesh. _949094 |
||
| 942 |
_2ddc _cBK |
||
| 999 |
_c76998 _d76998 |
||